Chozjajstvennaja reforma v Vostočnoj Jevrope.

Hospodárska úroveň siedmich bývalých socialistických štátov. Keďže si vypracovali novú filozófiu rozvoja, začal tam hrať významnú úlohu Medzinárodný menový fond. Jeho požiadavky na privatizáciu, reštrukturalizáciu, finančnú politiku a liberalizáciu zahraničného obchodu. Ozdravenie ich hospodárstva s...

Descrizione completa

Salvato in:
Dettagli Bibliografici
Autore principale: Jovovic, D.
Natura: Capitolo di libro
Lingua:russo
Soggetti:
Tags: Aggiungi Tag
Nessun Tag, puoi essere il primo ad aggiungerne!!

MARC

LEADER 00000naa a2200000 4500
001 r002932
005 20220819191735.1
041 0 |a rus 
044 |a [YU] 
245 1 0 |a Chozjajstvennaja reforma v Vostočnoj Jevrope.  |c D. Jovovic 
520 |a Hospodárska úroveň siedmich bývalých socialistických štátov. Keďže si vypracovali novú filozófiu rozvoja, začal tam hrať významnú úlohu Medzinárodný menový fond. Jeho požiadavky na privatizáciu, reštrukturalizáciu, finančnú politiku a liberalizáciu zahraničného obchodu. Ozdravenie ich hospodárstva si vyžaduje značné zahraničné úvery - údaje. 
610 2 0 |a reformy hospodárske 
610 2 0 |a privatizácia 
610 2 0 |a zmeny štruktúrne 
610 2 0 |a obchod zahraničný 
610 2 0 |a politika finančná 
610 2 0 |a Medzinárodný menový fond 
610 2 0 |a východná Európa 
610 2 0 |a úver zahraničný 
100 1 |a Jovovic, D.